000
00264nam a22001217a 4500
008
181015b xxu||||| |||| 00| 0 eng d
041
_a
eng
080
_a
941
100
_a
17
101
_a
HIS
245
_a
Wrting Southern History
_c
Link.a.s
942
_2
udc
_c
BK
999
_c
49692
_d
49692